Jack blasts off! / Mac Barnett & Greg Pizzoli.
When the Lady is mad at Jack, she decides to send him and Rex on a one-way trip into outer space, and while she enjoys some peace and quiet, Jack and Rex get into trouble on a far-off moon, where they meet an alien named Zip.
Record details
- ISBN: 9780593113851
- ISBN: 0593113853
- Physical Description: 1 volume (unpaged) : color illustrations ; 24 cm.
- Publisher: New York : Viking, 2019.
Search for related items by subject
| Subject: | Rabbits > Juvenile fiction. Dogs > Juvenile fiction. Interplanetary voyages > Juvenile fiction. Behavior > Juvenile fiction. |
| Genre: | Animal fiction. Action and adventure fiction. |
Search for related items by series
Available copies
- 0 of 1 copy available at scottsboropl.
Holds
- 0 current holds with 1 total copy.
Show Only Available Copies
| Location | Call Number / Copy Notes | Barcode | Shelving Location | Status | Due Date |
|---|---|---|---|---|---|
| scottsboropl | BR Bar | 32269001137937 | Juvenile - Beginning Reader | Checked out | 07/06/2026 |
| LDR | 01574cam a2200397Ii 4500 | ||
|---|---|---|---|
| 001 | 152994 | ||
| 003 | CONS | ||
| 005 | 20200121123800.0 | ||
| 008 | 190118s2019 nyua b 000 1 eng d | ||
| 020 | . | ‡a9780593113851 ‡q(hardcover) | |
| 020 | . | ‡a0593113853 ‡q(hardcover) | |
| 035 | . | ‡a(CPomAG)LMN615179 | |
| 050 | 1 | 4. | ‡aPZ7.B26615 ‡bJac 2019 |
| 082 | 0 | 4. | ‡a[E] ‡223 |
| 100 | 1 | . | ‡aBarnett, Mac, ‡eauthor. |
| 245 | 1 | 0. | ‡aJack blasts off! / ‡cMac Barnett & Greg Pizzoli. |
| 264 | 1. | ‡aNew York : ‡bViking, ‡c2019. | |
| 300 | . | ‡a1 volume (unpaged) : ‡bcolor illustrations ; ‡c24 cm. | |
| 336 | . | ‡atext ‡2rdacontent | |
| 336 | . | ‡astill image ‡2rdacontent | |
| 337 | . | ‡aunmediated ‡2rdamedia | |
| 338 | . | ‡avolume ‡2rdacarrier | |
| 385 | . | ‡aSchool children ‡2lcdgt | |
| 490 | 1 | . | ‡aA Jack book |
| 520 | . | ‡aWhen the Lady is mad at Jack, she decides to send him and Rex on a one-way trip into outer space, and while she enjoys some peace and quiet, Jack and Rex get into trouble on a far-off moon, where they meet an alien named Zip. | |
| 650 | 0. | ‡aRabbits ‡vJuvenile fiction. | |
| 650 | 0. | ‡aDogs ‡vJuvenile fiction. | |
| 650 | 0. | ‡aInterplanetary voyages ‡vJuvenile fiction. | |
| 650 | 0. | ‡aBehavior ‡vJuvenile fiction. | |
| 655 | 7. | ‡aAnimal fiction. ‡2lcgft | |
| 655 | 7. | ‡aAction and adventure fiction. ‡2lcgft | |
| 700 | 1 | . | ‡aPizzoli, Greg, ‡eillustrator. |
| 800 | 1 | . | ‡aBarnett, Mac. ‡tJack book. |
| 914 | . | ‡aSCP_LP ‡dLMN_cm | |
| 959 | . | ‡i32269001137937 ‡lBR Bar ‡aJuvenile - Beginning Reader ‡tHardback ‡g20.00 | |
| 852 | . | ‡p32269001137937 ‡jBR Bar ‡gJuvenile - Beginning Reader ‡cHardback ‡y20.00 ‡bSBPL | |
| 901 | . | ‡a152994 ‡bUnknown ‡c152994 ‡tbiblio | |